000 01512nam a22002897a 4500
001 5054
003 FISKH
005 20241104111643.0
008 241104b cb ||||| |||| 00| 0 eng d
020 _a9780545058025
040 _aFISKH
_beng
_cFISKH
_dFISKH
050 _aPZ5.E447
082 _a813.6
100 _aEmerson, Kevin
245 _aThe Sunlight Slayings /
_cby Kevin Emerson
250 _aFirst printing , November 2008
260 _aNew York :
_bScholastic ;
_c2008 .
300 _a218 pages :
_billustrations ;
_c20 cm .
490 _aOliver Nocturne
_vBook 2
505 _aR
520 _aWhen a vampire's best friends are a human and a zombie, he's bound to feel like a freak Two months after Dean's death, Oliver is a hero in the vampire world. But even though he wasn't responsible, he's having trouble sleeping and has never felt more alone. Surprisingly, Dean returns--as a zombie, no less--and though Oliver is glad to have his friend back, they need to hurry; someone has been slaying vampire children, and all the evidence points to Emalie. Can Oliver and Dean find her before the vampires do? Their search takes them deep into the underground black market and high into the Seattle night. As they discover the powerful forces behind the sunlight slayings, Oliver finds that it's all intricately tied to a future he doesn't want.
521 8 _a730
_bLexile
521 8 _aR
_bRaz-Plus
650 _azombies
_vfiction
942 _2ddc
_cBK
_n0
999 _c5054
_d5054